Normal view MARC view

Entry Meeting Name

Number of records used in: 1

001 - CONTROL NUMBER

  • control field: 24155

003 - CONTROL NUMBER IDENTIFIER

  • control field: OSt

005 - DATE AND TIME OF LATEST TRANSACTION

  • control field: 20211105134831.0

008 - FIXED-LENGTH DATA ELEMENTS

  • fixed length control field: 211105|| aca||aabn | a|a d

040 ## - CATALOGING SOURCE

  • Original cataloging agency: OSt
  • Transcribing agency: OSt

111 ## - HEADING--MEETING NAME

  • Meeting name or jurisdiction name as entry element: International Conference on Cosmic Ray, Invited, Rapporteur and Highlight Papers
  • Number of part/section/meeting: 26
  • Location of meeting: Utah, USA
  • Date of meeting or treaty signing: 1999 Aug. 17-25

670 ## - SOURCE DATA FOUND

  • Source citation: Work cat.: (OSt): International Conference on Cosmic Ray, Invited, Rapporteur and Highlight Papers 26 Utah, USA 1999 Aug. 17-25, 26th International cosmic ray conference, 2000

Powered by Koha